MARC details
| 000 -LEADER |
| fixed length control field |
02033cam a2200541 a 4500 |
| 001 - CONTROL NUMBER |
| control field |
20411 |
| 003 - CONTROL NUMBER IDENTIFIER |
| control field |
VRT |
| 005 - DATE AND TIME OF LATEST TRANSACTION |
| control field |
20260122121247.0 |
| 008 - FIXED-LENGTH DATA ELEMENTS--GENERAL INFORMATION |
| fixed length control field |
240226s1960 xo abo grn 000 0 slo |
| 015 ## - NATIONAL BIBLIOGRAPHY NUMBER |
| National bibliography number |
SNBA1960 |
| 020 ## - INTERNATIONAL STANDARD BOOK NUMBER |
| Qualifying information |
(viazané) |
| 035 ## - SYSTEM CONTROL NUMBER |
| System control number |
SNK000358316 |
| 035 ## - SYSTEM CONTROL NUMBER |
| System control number |
urn:nbn:sk:snk-am3istk |
| 035 ## - SYSTEM CONTROL NUMBER |
| System control number |
C73195CA-CB27-46EA-AA62-AFF0DC6E104F |
| 035 ## - SYSTEM CONTROL NUMBER |
| System control number |
urn:nbn:sk:snk-am00fghu |
| 039 #9 - LEVEL OF BIBLIOGRAPHIC CONTROL AND CODING DETAIL [OBSOLETE] |
| Level of rules in bibliographic description |
202402261803 |
| Level of effort used to assign nonsubject heading access points |
VLOAD |
| Level of effort used to assign subject headings |
202304031947 |
| Level of effort used to assign classification |
VLOAD |
| Level of effort used to assign subject headings |
202212140808 |
| Level of effort used to assign classification |
VLOAD |
| Level of effort used to assign subject headings |
202107010828 |
| Level of effort used to assign classification |
VLOAD |
| 040 ## - CATALOGING SOURCE |
| Original cataloging agency |
SNK |
| Language of cataloging |
slo |
| Transcribing agency |
SNK |
| Description conventions |
AACR2 |
| 041 1# - LANGUAGE CODE |
| Language code of text/sound track or separate title |
slo |
| Language code of original |
eng |
| 044 ## - COUNTRY OF PUBLISHING/PRODUCING ENTITY CODE |
| MARC country code |
xo |
| ISO country code |
SK |
| 072 #7 - SUBJECT CATEGORY CODE |
| Subject category code |
91 |
| Subject category code subdivision |
Geografia ako veda. Výskum. Cestovanie |
| Source |
konspekt |
| 080 ## - UNIVERSAL DECIMAL CLASSIFICATION NUMBER |
| Universal Decimal Classification number |
910.4:5 |
| Edition identifier |
2011 |
| 080 ## - UNIVERSAL DECIMAL CLASSIFICATION NUMBER |
| Universal Decimal Classification number |
(235.243) |
| Edition identifier |
2011 |
| 080 ## - UNIVERSAL DECIMAL CLASSIFICATION NUMBER |
| Universal Decimal Classification number |
(0.029.1) |
| Edition identifier |
2011 |
| 100 1# - MAIN ENTRY--PERSONAL NAME |
| Personal name |
Izzard, Ralph, |
| Dates associated with a name |
1910-1992 |
| Relationship |
aut |
| 240 14 - UNIFORM TITLE |
| Uniform title |
The abominable snowman adventura |
| Language of a work |
Slovensky |
| 245 10 - TITLE STATEMENT |
| Title |
Honba za snežným človekom |
| Statement of responsibility, etc. |
Ralph Izzard ; z anglického originálu The abominable snowman adventura ... preložil Michal Breznický ; ilustroval Michal Studený |
| 250 ## - EDITION STATEMENT |
| Edition statement |
Vydanie prvé |
| 260 ## - PUBLICATION, DISTRIBUTION, ETC. |
| Place of publication, distribution, etc. |
Bratislava |
| Name of publisher, distributor, etc. |
Mladé letá |
| Date of publication, distribution, etc. |
1960 |
| Place of manufacture |
Bratislava |
| Manufacturer |
Pravda |
| 300 ## - PHYSICAL DESCRIPTION |
| Extent |
222 strán, 42 nečíslovaných strán obrazových príloh |
| Other physical details |
fotografie, ilustrácie, mapy |
| Dimensions |
25 cm |
| 366 ## - TRADE AVAILABILITY INFORMATION |
| Note |
8245 kusov |
| 490 1# - SERIES STATEMENT |
| Series statement |
Šírym svetom |
| 504 ## - BIBLIOGRAPHY, ETC. NOTE |
| Bibliography, etc. note |
Obsahuje bibliografiu a poznámky |
| 650 07 - SUBJECT ADDED ENTRY--TOPICAL TERM |
| Topical term or geographic name entry element |
prírodovedné expedície |
| Source of heading or term |
SNKPH |
| 650 07 - SUBJECT ADDED ENTRY--TOPICAL TERM |
| Topical term or geographic name entry element |
Yetti (snežný muž) |
| Source of heading or term |
SNKPH |
| 651 #7 - SUBJECT ADDED ENTRY--GEOGRAPHIC NAME |
| Geographic name |
Himaláje (pohorie) |
| Source of heading or term |
SNKPHgeo |
| 655 #7 - INDEX TERM--GENRE/FORM |
| Genre/form data or focus term |
zápisníky |
| Source of term |
SNKPH |
| 655 #7 - INDEX TERM--GENRE/FORM |
| Genre/form data or focus term |
dobrodružné príbehy |
| Source of term |
SNKPH |
| 700 1# - ADDED ENTRY--PERSONAL NAME |
| Personal name |
Breznický, Michal, |
| Dates associated with a name |
1923- |
| Relationship |
trl |
| 700 1# - ADDED ENTRY--PERSONAL NAME |
| Personal name |
Studený, Michal, |
| Dates associated with a name |
1939- |
| Relationship |
ill |
| 830 #0 - SERIES ADDED ENTRY--UNIFORM TITLE |
| Uniform title |
Šírym svetom |
| 910 ## - USER-OPTION DATA (OCLC) |
| User-option data |
snk |
| 942 ## - ADDED ENTRY ELEMENTS (KOHA) |
| Source of classification or shelving scheme |
Dewey Decimal Classification |
| Koha item type |
Odborná literatúra pre dospelých |
| Suppress in OPAC |
No |
| 949 ## - LOCAL PROCESSING INFORMATION (OCLC) |
| 6 |
17A0263635 |
| 9 |
P60, <04>, [BOOK], {604} |
| a |
snkSC 14405 D1 |
| 949 ## - LOCAL PROCESSING INFORMATION (OCLC) |
| 6 |
273K0333261 |
| a |
svkpoB 18737 |
| b |
svkpo73668 |
| 949 ## - LOCAL PROCESSING INFORMATION (OCLC) |
| 6 |
17A0846811 |
| a |
snkSC 14405 |
| b |
snkKSP 2473/60 |
| s |
6100:20200601 |
| 949 ## - LOCAL PROCESSING INFORMATION (OCLC) |
| 6 |
270001000527198 |
| a |
svkbbS 17854 |
| b |
svkbbm 59850 |